00665nam a2200241 a 4500001001300000003000900013005001700022008004100039020001000080082001300090100001800103245002200121260004400143300000900187500003500196505002400231650001000255700001800265902000800283942000700291952011000298999001500408nice12345678IN_TiNIC20260116012658.0050524s1945 lona grp 000 0 urd  ac1.500a954bMIN aMinoo, Masani aHamara Hindustan. aLondan bOxford University Press c1945 a201p aincludes index and biblioraphy2 aBibliography, Index aIndia1 aMinoo, Masani bSRS cBK 001040708StackRoom-aHMIbHMId2007-04-03g1.50l0o954 MINp011067r2007-04-03v1.50w2005-05-24yBK c7918d7918